Immigration policy / (Record no. 12750)
[ view plain ]
| 000 -LEADER | |
|---|---|
| fixed length control field | 00497cam a2200181 a 4500 |
| 020 ## - INTERNATIONAL STANDARD BOOK NUMBER | |
| ISBN | 1565102673 |
| 040 ## - CATALOGING SOURCE | |
| Transcribing agency | DLC |
| 082 00 - DEWEY DECIMAL CLASSIFICATION NUMBER | |
| Classification number | 325 GRE 1995 A021 Or. |
| 245 00 - TITLE STATEMENT | |
| Title | Immigration policy / |
| 260 ## - PUBLICATION, DISTRIBUTION, ETC. (IMPRINT) | |
| Place of publication | San Diego, Calif. : |
| Name of publisher | Greenhaven Press, |
| Year of publication | c1995. |
| 300 ## - PHYSICAL DESCRIPTION | |
| Number of Pages | 125 p. : |
| Other physical details | chart ; |
| Dimensions | 23 cm. |
| 490 1# - SERIES STATEMENT | |
| Series statement | At issue |
| 650 #0 - SUBJECT ADDED ENTRY--TOPICAL TERM | |
| Topical Term | Refugees |
| 650 #0 - SUBJECT ADDED ENTRY--TOPICAL TERM | |
| Topical Term | Emigration and immigration law |
| 700 1# - ADDED ENTRY--PERSONAL NAME | |
| Personal name | Barbour, Scott, |
| 856 41 - ELECTRONIC LOCATION AND ACCESS | |
| Uniform Resource Identifier | http://www.loc.gov/catdir/toc/fy0709/94028149.html |
| 942 ## - ADDED ENTRY ELEMENTS (KOHA) | |
| Koha item type | សៀវភៅភាសាអង់គ្លេស |
| 952 ## - LOCATION AND ITEM INFORMATION (KOHA) | |
| Withdrawn status [LOCAL, KOHA] | 0 |
| Permanent Location | Date acquired | Koha item type | Lost status | Shelving location | Barcode | Current Location | Full call number |
|---|---|---|---|---|---|---|---|
| Library Block A | 2017-08-16 | សៀវភៅភាសាអង់គ្លេស | A021 | A17141 | Library Block A | 325 GRE 1995 A021 Or. |